00726cam a2200241 a 4500001000800000005001700008008004100025010001700066020002800083040001800111041000800129043001200137080001500149082001900164100000700183101000800190245006600198504003200264906004500296942001200341999001700353952011400370380472020180124081150.0850411s1986 nyu b 001 0 eng  a 85009650  a0231061102 (alk. paper) aDLCcDLCdDLC aeng an-us--- a646.78 SMI00a646.78 SMI2191 a50 aSOC10aRole-sharing marriage /cAudrey D. Smith and William J. Reid. aBibliography: p. [201]-208. a7bcbccorignewd1eocipf19gy-gencatlg 2ddccBK c40874d40874 00102udc40708PËKGa002b002cPËKGd2018-01-24l0o646.78 SMIp002-2996231r2018-01-24w2018-01-24yBK